Statistics for Roslagsbanan

Click here to take the quiz!

General Stats

  • This quiz has been taken 16 times
  • The average score is 23 of 39

Answer Stats

Answer% Correct
Mörby
92%
Galoppfältet
85%
Universitetet
85%
Djursholms Ösby
77%
Roslags Näsby
77%
Stockholms Östra
77%
Stocksund
77%
Vallentuna
77%
Åkersberga
69%
Näsbypark
69%
Österskär
69%
Täby centrum
69%
Täby kyrkby
69%
Tibble
69%
Viggbyholm
69%
Bråvallavägen
62%
Djursholms Ekeby
62%
Ekskogen
62%
Enebyberg
62%
Ensta
62%
Kårsta
62%
Ormsta
62%
Arninge
54%
Bällsta
54%
Hägernäs
54%
Lindholmen
54%
Näsby allé
54%
Frösunda
46%
Kragstalund
46%
Visinge
46%
Lahäll
38%
Östberga
38%
Rydbo
38%
Täljö
38%
Åkers runö
31%
Altorp
31%
Molnby
31%
Tunagård
31%
Vendevägen
31%

Score Distribution

Percentile by Number Answered

Percent of People with Each Score

Your Score History

You have not taken this quiz